[Event "Agora tu vai vê"]
[Site "http://www.queenalice.com/game.php?id=973562"]
[Date "2011.8.17"]
[Round "-"]
[White "spawnwolfwolverine"]
[Black "Miague"]
[Result "1/2-1/2"]
[WhiteElo "1649"]
[BlackElo "1362"]

1. d4 a5 2. e3 d6 3. g3 Bf5 4. Bg2 g5 5. Nf3 Be4 6. O-O e5 7. dxe5 Bxf3 8. Bxf3
Ra6 9. exd6 Rxd6 10. Qe2 Nf6 11. b3 c5 12. Ba3 Rd7 13. c4 Bg7 14. Nc3 b6 15. Nd5
b5 16. Bxc5 bxc4 17. Qxc4 Nxd5 18. Rad1 Nb6 19. Bxb6 Qxb6 20. Rxd7 Nxd7 21. Bc6
a4 22. Rd1 O-O 23. Bxd7 a3 24. Rd5 Bf6 25. Qc6 Qd8 26. Bf5 Qe7 27. Qd6 h5 28.
Qxe7 Bxe7 29. f4 g4 30. h3 h4 31. gxh4 Bxh4 32. hxg4 Kg7 33. Ra5 Rd8 34. Rxa3
Rd1+ 35. Kg2 f6 36. Ra7+ Kf8 37. g5 fxg5 38. fxg5 Bxg5 39. e4 Rd2+ 40. Kg3 Be3
41. e5 Bxa7 42. e6 Rxa2 43. b4 Bf2+ 44. Kg4 Re2 45. b5 Re5 46. Kf4 Rxb5 47. Kg5
Ke7 48. Kg6 Rb1 49. Bxb1 1/2-1/2

[Event "ucciderti"]
[Site "http://www.queenalice.com/game.php?id=973992"]
[Date "2011.8.18"]
[Round "-"]
[White "gisa2010"]
[Black "Miague"]
[Result "0-1"]
[WhiteElo "1238"]
[BlackElo "1315"]

1. g3 e5 2. Bg2 d5 3. Nc3 d4 4. Nb5 c6 5. Bh3 cxb5 6. b4 Bxb4 7. Rb1 a5 8. Nf3
Bxh3 9. Nh4 Nf6 10. e4 Nc6 11. Nf5 Bxf5 12. exf5 O-O 13. O-O Qd5 14. Rb3 a4 15.
Rd3 a3 16. Bxa3 Bxa3 17. Qb1 e4 18. c4 bxc4 19. Rxa3 Rxa3 20. Kg2 e3+ 21. f3 e2
22. Re1 Rxf3 23. Rf1 exf1=Q+ 24. Qxf1 Rxf1+ 25. Kxf1 Qxf5+ 26. Kg2 c3 27. dxc3
Qc2+ 0-1

[Event "Challenge"]
[Site "http://www.queenalice.com/game.php?id=980934"]
[Date "2011.9.3"]
[Round "-"]
[White "vangogh"]
[Black "Miague"]
[Result "0-1"]
[WhiteElo "1403"]
[BlackElo "1314"]

1. e4 d6 2. Nc3 c5 3. Be2 b6 4. Bc4 Bd7 5. Nf3 a6 6. Bd5 Bc6 7. d3 a5 8. Na4 b5
9. Nc3 b4 10. Ne2 e6 11. Bc4 a4 12. Qd2 h6 13. h4 h5 14. Nf4 e5 15. Nh3 a3 16.
Nfg5 axb2 17. Bxb2 f5 18. Bf7+ Ke7 19. Be6 Nh6 20. c3 b3 21. a3 Ra4 22. Bxb3 f4
23. Bxa4 Bxa4 24. c4 f3 25. gxf3 Bd7 26. f4 Bxh3 27. Rxh3 exf4 28. Qxf4 Qa5+ 29.
Ke2 Kd7 30. Rb1 Be7 31. Bxg7 Re8 32. Bxh6 Nc6 33. Qf5+ Kc7 34. Qf7 Rb8 35. Rg1
Rb2+ 36. Ke3 Qd2+ 37. Kf3 Qxf2# 0-1

[Event "Challenge"]
[Site "http://www.queenalice.com/game.php?id=981206"]
[Date "2011.9.4"]
[Round "-"]
[White "gisa2010"]
[Black "Miague"]
[Result "1-0"]
[WhiteElo "1322"]
[BlackElo "1330"]

1. e4 b5 2. Bxb5 c6 3. Bc4 Bb7 4. b3 Qc7 5. Qe2 d5 6. exd5 cxd5 7. Bb5+ Kd8 8.
Nc3 a6 9. Bd3 Nd7 10. Nf3 e5 11. Bf5 Nb6 12. d3 g6 13. Bg4 f5 14. Bh3 Be7 15.
Bb2 d4 16. Na4 Nd5 17. Nxe5 Bc6 18. Nf7+ Ke8 19. Nxh8 Nh6 20. Bxd4 Kd7 21. g4
fxg4 22. Bxg4+ Nxg4 23. Qxg4+ Kd6 24. Bc5+ Ke5 25. Nf7+ Kf6 26. c4 Bxa4 27. bxa4
Bxc5 28. Rg1 Kxf7 29. cxd5 Re8+ 30. Kf1 Re5 31. d4 Rxd5 32. dxc5 Qxc5 33. Re1
Rf5 34. Qg3 Qc4+ 35. Kg2 Qxa2 36. Qc7+ Kf6 37. Qe7# 1-0

[Event "O que foi que tu disse?"]
[Site "http://www.queenalice.com/game.php?id=985110"]
[Date "2011.9.14"]
[Round "-"]
[White "Taurus"]
[Black "Miague"]
[Result "1-0"]
[WhiteElo "1999"]
[BlackElo "1364"]

1. e4 a5 2. d4 b6 3. Nf3 Bb7 4. Nc3 Nc6 5. Bb5 Nb4 6. a3 c6 7. Be2 e5 8. axb4
Bxb4 9. Nxe5 c5 10. d5 f5 11. exf5 Nf6 12. Bh5+ g6 13. fxg6 hxg6 14. Bxg6+ Kf8
15. O-O Bxc3 16. bxc3 Nxd5 17. Qf3+ Qf6 18. Nxd7+ Ke7 19. Nxf6 Rag8 20. Nxg8+
Rxg8 21. Qf7+ Kd6 22. Qxg8 Bc6 23. Qf8+ Ne7 24. Bf4+ Kd7 25. Be8+ Ke6 26. Rfe1+
Kd5 27. Qf7# 1-0

[Event "é aquela tua mãe"]
[Site "http://www.queenalice.com/game.php?id=985112"]
[Date "2011.9.14"]
[Round "-"]
[White "adelio"]
[Black "Miague"]
[Result "1-0"]
[WhiteElo "1710"]
[BlackElo "1373"]

1. e4 b6 2. Nf3 c5 3. c4 d6 4. h3 g6 5. g4 h5 6. g5 f5 7. gxf6 Nxf6 8. d3 Nh7 9.
Nc3 g5 10. Nxg5 e5 11. Qxh5+ Kd7 12. Nxh7 Be7 13. Nd5 Qe8 14. Qxe8+ Kxe8 15.
Nhf6+ Kd8 16. Nxe7 Kxe7 17. Bg5 Na6 18. Be2 Nc7 19. Nd5+ Kd7 20. Bg4+ Ne6 21.
O-O-O a6 22. f4 b5 23. Rdf1 b4 24. fxe5 b3 25. Rf2 bxa2 26. Kc2 Rb8 27. Rhf1 Rh7
28. Bxe6+ Kxe6 29. exd6 Kxd6 30. Rf8 Kc6 31. R1f6+ Kd7 32. Rf1 a5 33. e5 a4 34.
Rd8+ Ke6 35. Rf6+ Kxe5 36. Re8+ Be6 37. Rexe6+ Kd4 38. Be3# 1-0

[Event "Challenge"]
[Site "http://www.queenalice.com/game.php?id=985123"]
[Date "2011.9.14"]
[Round "-"]
[White "Miague"]
[Black "Taurus"]
[Result "0-1"]
[WhiteElo "1370"]
[BlackElo "2001"]

1. e4 e5 2. d3 Nf6 3. g3 Bc5 4. Nf3 d6 5. Bd2 Bg4 6. Be2 O-O 7. b4 Bb6 8. h4 a6
9. c4 Nc6 10. a4 Qe7 11. b5 axb5 12. cxb5 Nd4 13. Nxd4 Bxd4 14. Nc3 Be6 15. f4
Rfd8 16. f5 Bd7 17. g4 c6 18. g5 Ne8 19. bxc6 Bxc6 20. Rb1 f6 21. Qb3+ Kh8 22.
h5 fxg5 23. Bg4 h6 24. Ne2 d5 25. Bb4 Bc5 26. Bd2 dxe4 27. Rf1 exd3 28. f6 Nxf6
29. Bf5 dxe2 30. Kxe2 Nxh5 31. Qe6 Qxe6 32. Bxe6 Ng3+ 33. Ke1 Nxf1 34. Kxf1 Rxd2
35. Re1 Rf8+ 36. Bf7 Rxf7# 0-1

[Event "Challenge"]
[Site "http://www.queenalice.com/game.php?id=987018"]
[Date "2011.9.19"]
[Round "-"]
[White "gisa2010"]
[Black "Miague"]
[Result "1-0"]
[WhiteElo "1322"]
[BlackElo "1383"]

1. Nc3 d6 2. Nf3 c5 3. e4 Qc7 4. Bb5+ Bd7 5. d3 f5 6. Nd5 Qa5+ 7. Nc3 fxe4 8.
Ng5 Nh6 9. Qh5+ Kd8 10. Nf7+ Nxf7 11. Qxf7 a6 12. Bc4 e6 13. Bg5+ Kc7 14. Bf4 e5
15. Be3 exd3 16. cxd3 Nc6 17. O-O Re8 18. Nd5+ Kd8 19. Bg5+ Re7 20. Bxe7+ Bxe7
21. Rac1 e4 22. dxe4 Qd2 23. Rcd1 Qxb2 24. Nf4 Be8 25. Qf5 g6 26. Ne6+ Kd7 27.
Nxc5+ Kc7 28. Ne6+ Kd7 29. Rb1 gxf5 30. Rxb2 b5 31. Bd5 Bf6 32. Rc2 Nb4 33. Rc7#
1-0

[Event "Challenge"]
[Site "http://www.queenalice.com/game.php?id=987019"]
[Date "2011.9.19"]
[Round "-"]
[White "gisa2010"]
[Black "Miague"]
[Result "0-1"]
[WhiteElo "1323"]
[BlackElo "1397"]

1. Nf3 a5 2. b3 e6 3. e4 d6 4. Bb5+ Bd7 5. Nc3 Ke7 6. Ba3 c6 7. Bc4 b5 8. Bd3 f6
9. Nd4 c5 10. Ndxb5 g5 11. b4 axb4 12. Bc4 bxc3 13. dxc3 Bxb5 14. Bxb5 Rxa3 15.
Qc1 Rxc3 16. Qd2 Qa5 17. Bd3 Ra3 18. Rb1 Rxa2 19. h4 Bh6 20. O-O Qxd2 21. Rb7+
Nd7 22. Bb5 d5 23. Bxd7 gxh4 24. Bb5+ Kd6 25. Rb6+ Ke5 26. Bd7 Kxe4 27. Rxe6+
Kd4 28. Re8 Rxc2 29. Bf5 Rc1 30. g3 Rxf1+ 31. Kxf1 h3 32. Bxh3 Qd3+ 33. Kg2 Qg6
34. Re6 Bf4 35. Kf1 Bxg3 36. fxg3 Qxg3 37. Bg2 Qg4 38. Rd6 Qf4+ 39. Kg1 Qxd6 40.
Bf3 Ne7 41. Kg2 Rg8+ 42. Kf2 Rg3 43. Kf1 Rxf3+ 44. Kg1 Qg3+ 45. Kh1 Rf1# 0-1

[Event "Challenge"]
[Site "http://www.queenalice.com/game.php?id=987020"]
[Date "2011.9.19"]
[Round "-"]
[White "gisa2010"]
[Black "Miague"]
[Result "0-1"]
[WhiteElo "1337"]
[BlackElo "1368"]

1. e4 e5 2. g3 b5 3. Bxb5 c6 4. Bc4 a5 5. Nc3 g5 6. Nf3 Qf6 7. d3 g4 8. Bg5 Qxf3
9. Qd2 Qxh1+ 10. Ke2 Qxa1 11. Nd1 Na6 12. h4 Nb4 13. a3 Na2 14. d4 Nc1+ 15. Ke3
f6 16. f4 gxf3 17. Kxf3 d5 18. exd5 fxg5 19. dxe5 g4+ 20. Kf4 Bh6+ 21. Ke4 Bxd2
22. d6 Ne2 23. Bxe2 Qa2 24. Kd3 Qd5# 0-1

[Event "Challenge"]
[Site "http://www.queenalice.com/game.php?id=987806"]
[Date "2011.9.20"]
[Round "-"]
[White "vangogh"]
[Black "Miague"]
[Result "1-0"]
[WhiteElo "1463"]
[BlackElo "1363"]

1. e4 e6 2. d3 Ke7 3. c4 d6 4. Nf3 f6 5. g3 c5 6. Qa4 Bd7 7. Qb3 Qe8 8. Nc3 Nc6
9. Nb5 Nd4 10. Nfxd4 cxd4 11. Nc7 Qc8 12. Nxa8 Qxa8 13. h4 b6 14. Bh3 g5 15.
hxg5 f5 16. Bf4 fxe4 17. dxe4 Qb7 18. Qd3 Kd8 19. Qxd4 e5 20. Qd5 Bc6 21. Qe6
Be8 22. Rc1 Qxe4+ 23. Kd2 Qd4+ 24. Kc2 Qxf2+ 25. Kb3 Qf3+ 26. Rc3 Qc6 27. Rd1
exf4 28. Rf1 d5 29. Rxf4 Qxe6 30. Bxe6 dxc4+ 31. Rcxc4 Ne7 32. Rfd4+ Bd7 33.
Rxd7+ Ke8 34. Rxa7 Nc6 35. Rxc6 Be7 36. Ra8+ Bd8 37. Rcc8 Ke7 38. Rxd8 Rxd8 39.
Rxd8 Kxd8 40. Bf5 Kc7 41. Bxh7 Kc6 42. Kb4 b5 43. Bd3 Kb6 44. Bxb5 1-0

[Event "Challenge"]
[Site "http://www.queenalice.com/game.php?id=990524"]
[Date "2011.9.27"]
[Round "-"]
[White "fhsantanna"]
[Black "Miague"]
[Result "1-0"]
[WhiteElo "1792"]
[BlackElo "1365"]

1. e4 d6 2. d4 e6 3. Nf3 Ke7 4. Nc3 f6 5. Bc4 g5 6. O-O h5 7. Re1 a6 8. Nxg5
fxg5 9. Bxg5+ Nf6 10. Qf3 Bg7 11. Rad1 Qf8 12. e5 dxe5 13. dxe5 Rh6 14. Bxh6 Ng8
15. Bg5+ Ke8 16. Qxh5+ Qf7 17. Rd8# 1-0

[Event "é nóis"]
[Site "http://www.queenalice.com/game.php?id=993765"]
[Date "2011.10.6"]
[Round "-"]
[White "Miague"]
[Black "fhsantanna"]
[Result "0-1"]
[WhiteElo "1399"]
[BlackElo "1794"]

1. g4 d5 2. e3 e5 3. d4 Nc6 4. Bb5 e4 5. Bxc6+ bxc6 6. c3 g6 7. f4 Ne7 8. f5
gxf5 9. h3 Ba6 10. b4 Ng6 11. gxf5 Qh4+ 12. Kd2 Bd3 13. fxg6 Qf2+ 14. Ne2 Bh6
15. Re1 Bxe3# 0-1

[Event "A hora que quiseres, palhaço!!"]
[Site "http://www.queenalice.com/game.php?id=995713"]
[Date "2011.10.11"]
[Round "-"]
[White "Miague"]
[Black "lanzafamef"]
[Result "1-0"]
[WhiteElo "1351"]
[BlackElo "1600"]

1. e3 c5 2. b3 e5 3. Bd3 Ne7 4. Ne2 d5 5. O-O Bf5 6. a4 Bxd3 7. cxd3 Ng6 8. d4
cxd4 9. exd4 e4 10. Nbc3 Bb4 11. Nb5 a6 12. Nbc3 Bxc3 13. dxc3 Qf6 14. f4 Nc6
15. g4 Qh4 16. Ng3 O-O-O 17. f5 Nge7 18. Ba3 Qg5 19. b4 Qe3+ 20. Kg2 Qxc3 21.
Qc1 Qxd4 22. b5 e3 23. bxc6 1-0

[Event "Pode vir quente"]
[Site "http://www.queenalice.com/game.php?id=995714"]
[Date "2011.10.11"]
[Round "-"]
[White "Miague"]
[Black "lanzafamef"]
[Result "1-0"]
[WhiteElo "1377"]
[BlackElo "1526"]

1. e3 e5 2. Bd3 Bc5 3. b3 d5 4. Nc3 Ne7 5. Bb2 Nbc6 6. Ke2 d4 7. Ne4 Qd5 8. c4
Qe6 9. Nxc5 Qg4+ 10. Kf1 Qxd1+ 11. Rxd1 b6 12. Ne4 Nb4 13. Ke2 f5 14. Ng5 h6 15.
N5f3 e4 16. Ne5 f4 17. Bxe4 d3+ 18. Bxd3 fxe3 19. dxe3 Nxa2 20. Ra1 Nb4 21. Nef3
O-O 22. Be4 Rb8 23. Rxa7 1-0

[Event "Challenge"]
[Site "http://www.queenalice.com/game.php?id=998942"]
[Date "2011.10.18"]
[Round "-"]
[White "gisa2010"]
[Black "Miague"]
[Result "1-0"]
[WhiteElo "1323"]
[BlackElo "1398"]

1. e4 e5 2. Nc3 b5 3. g3 c6 4. b3 f6 5. d3 g5 6. Qh5+ Ke7 7. Ba3+ d6 8. O-O-O a5
9. d4 b4 10. Bxb4 axb4 11. Na4 exd4 12. Bc4 d5 13. exd5 Kd6 14. dxc6 Nxc6 15.
Ne2 Nge7 16. Qf3 Ng6 17. Bb5 Nge5 18. Qe4 Rxa4 19. Bxa4 Ne7 20. Rxd4+ Kc7 21.
Rxd8 Kxd8 22. Rd1+ Bd7 23. Bxd7 Nxd7 24. a4 bxa3 25. Qa4 Ke8 26. Qa8+ Kf7 27.
Rxd7 1-0

[Event "Challenge"]
[Site "http://www.queenalice.com/game.php?id=999993"]
[Date "2011.10.21"]
[Round "-"]
[White "fhsantanna"]
[Black "Miague"]
[Result "1-0"]
[WhiteElo "1824"]
[BlackElo "1400"]

1. e4 d5 2. exd5 Qd6 3. Nc3 Bd7 4. Nf3 h6 5. Be2 g5 6. O-O Bg7 7. d4 f5 8. Re1
g4 9. Nh4 c5 10. dxc5 Qxc5 11. Bd2 Qd4 12. Bd3 e6 13. dxe6 Bc6 14. Nxf5 Bf6 15.
Nxd4 Bxd4 16. Qxg4 Bxc3 17. Bxc3 h5 18. Bg6+ Ke7 19. Bxh5 Nf6 20. Qg7+ Kd8 21.
Bxf6+ 1-0